Diseño del sistema de abastecimiento de agua potable por gravedad y el saneamiento en la comunidad El Horno, municipio de San Ramón, departamento de Matagalpa

El objetivo de este estudio es de rediseñar un sistema de abastecimiento de agua potable, se propone ampliar el tanque de almacenamiento de agua existente construyendo un anexo al tanque actual, se plantea rehabilitar las obras de captación existentes y protegerlas mediante muros de contención p...

Full description

Bibliographic Details
Main Authors: Centeno Rodríguez, Carlos Benjamín, Valle Zeledón, José Leonel, Aguirre Chamorro, Osmar Enrique
Other Authors: Tutor: Baltodano Maldonado, José Ángel
Format: Tesis Section = Libro
Language:Undetermined
Spanish
Published: Managua UNI 2019
Subjects:
LEADER 01547nam a2200289Ia 4500
008 240830s9999 xx 000 0 und d
040 |a BIBLIOTECA-RUPAP Mon 628.72 C397 
041 |a spa 
082 |a Mon 628.72 C397 
100 1 |a Centeno Rodríguez, Carlos Benjamín 
100 1 |b  Valle Zeledón, José Leonel 
100 1 |c  Aguirre Chamorro, Osmar Enrique 
245 1 0 |a Diseño del sistema de abastecimiento de agua potable por gravedad y el saneamiento en la comunidad El Horno, municipio de San Ramón, departamento de Matagalpa 
260 |a Managua  |b UNI  |c 2019 
300 |a 82 p. :il. 
500 |a Contiene: anexos y CD. 
502 |a Tesis (Ingeniero Civil)- UNI, 2019. 
520 3 |a El objetivo de este estudio es de rediseñar un sistema de abastecimiento de agua potable, se propone ampliar el tanque de almacenamiento de agua existente construyendo un anexo al tanque actual, se plantea rehabilitar las obras de captación existentes y protegerlas mediante muros de contención para evitar daños por revenimiento, además se sugiere el diseño de inodoros ecológicos con descarga directa como alternativa de saneamiento y diseñar un sistema de saneamiento para la comunidad de El Horno. 
650 7 |a AGUA POTABLE-SAN RAMON -MATAGALPA 
650 7 |b SISTEMAS DE ABASTECIMIENTO DE AGUA POTABLE-DISEÑO Y CONSTRUCCION 
650 7 |c SANEAMIENTO 
650 7 |d CONSUMO DE AGUA 
650 7 |e  TUBERIAS 
700 1 |a Tutor:  |b Baltodano Maldonado, José Ángel 
942 |c BK  |2 ddc 
991 |a TESIS 
999 |c 16471